| 000 | 00645nam a22001695i 4500 | ||
|---|---|---|---|
| 001 | 163263 | ||
| 003 | ES-MaACL | ||
| 005 | 20250703063119.0 | ||
| 008 | 050713s1882 fr |||| | fre d | ||
| 040 |
_aCAM _bspa _cCAM |
||
| 100 | 1 |
_aRenan, Ernest, _d1823-1892 _996168 |
|
| 245 | 1 | 2 |
_aL'Ecclésiaste / _ctraduit de l'hébreu, avec une étude sur l'age et le caractére du livre par Ernest Renan. |
| 260 |
_aParis : _bCalmann Lévy, Ancienne Maison Michel Lévy Frères, _c1882 ( _eCorbeil : _fTyp. et stér. Crété) |
||
| 300 |
_a153 p ; _c22 cm. |
||
| 852 |
_aES-MaACL _jF-9180 _z-- Enc. pasta española |
||
| 999 |
_c163263 _d163263 |
||